000 02006pam a22003854a 4500
001 13880079
003 USPCAS-E
005 20180118181411.0
008 050222s2005 mau b 001 0 eng
010 _a 2005004601
020 _a1882982843
035 _a(OCoLC)ocm57730976
040 _aDLC
_cDLC
_dYDX
_dBAKER
_dDLC
042 _apcc
050 0 0 _aLB2331.66
_b.C64 2005
082 0 0 _a378.11
_222
_bCOF-W 2005
100 1 _aCoffman, James R.
245 1 0 _aWork and peace in academe :
_bleveraging time, money, and intellectual energy through managing conflict /
_cJames R. Coffman.
246 1 8 _aWork & peace in academe
260 _aBolton, Mass. :
_bAnker Pub. Company,
_cc2005.
300 _axix, 220 p. ;
_c24 cm.
502 _a0
504 _aIncludes bibliographical references (p. 213-215) and index.
505 0 _aConflict : two sides of one coin -- A framework for understanding conflict in an academic environment -- Methods of conflict resolution in an academic environment -- Policy and procedure : development and implementation -- The players and their roles : governance and administration -- The players and their roles : institutional offices -- Key collateral players : support and specialty personnel -- Putting it all together : creating an integrated system of dispute prevention, resolution and management -- Some best practices.
650 0 _aCollege personnel management.
650 0 _aConflict management.
650 0 _aCommunication in education.
650 0 _aUniversities and colleges
_xAdministration.
856 4 1 _3Table of contents
_uhttp://www.loc.gov/catdir/toc/ecip058/2005004601.html
856 4 2 _3Publisher description
_uhttp://www.loc.gov/catdir/enhancements/fy1505/2005004601-d.html
906 _a7
_bcbc
_corignew
_d1
_eecip
_f20
_gy-gencatlg
942 _2ddc
_cBK
999 _c355732
_d355732